| 000 | 00660nam a2200265Ia 4500 | ||
|---|---|---|---|
| 001 | 9508 | ||
| 005 | 20240113234212.0 | ||
| 007 | ta | ||
| 008 | 050726s2000 a g b000 u asm u | ||
| 020 | _cHB | ||
| 040 | _aCotton College,Assam | ||
| 041 | _aasm | ||
| 082 |
_a891.414 _bGo 69 Mo |
||
| 100 | _aGoswami, Ram . | ||
| 245 | 0 |
_aMon Aru Mon / _cRam Goswami. _hTextual Documents |
|
| 250 | _a1st ed. / | ||
| 260 |
_aGuwahati : _bMrinalini Prakashan , _c2000. |
||
| 300 |
_a156p. : _bill. ; _c22cm . |
||
| 504 | _aBib. | ||
| 653 | _aAssamese Essays | ||
| 653 | _aMS-Assamese | ||
| 942 |
_2ddc _cBK |
||
| 999 |
_c9495 _d9495 |
||